| 000 | 00841nam a2200277 a 4500 | ||
|---|---|---|---|
| 008 | |||
| 020 | _a0071179011 (pbk.) | ||
| 020 | _a0071169377 (hbk.) | ||
| 049 | _aMAIN | ||
| 090 |
_aHG4026 _bBRE |
||
| 100 | 1 | _aBrealey, Richard A. | |
| 245 | 1 | 0 |
_aPrinciples of corporate finance / _cRichard A. Brealey and Stewart C. Myers. |
| 250 | _a6th ed. | ||
| 260 |
_aNew York : _bMcGraw-Hill, _cc2000. |
||
| 300 |
_axxvi, 1093 p. : _bill. (some col.) ; _c25 cm. |
||
| 440 | 0 | _aMcGraw-Hill series in finance. | |
| 504 | _aIncludes bibliographical references. | ||
| 500 | _aIncludes index. | ||
| 650 | 0 |
_aCorporations _xFinance. |
|
| 700 | 1 | _aMyers, Stewart C. | |
| 907 |
_a.b10181842 _b03-10-11 _c25-11-05 |
||
| 003 | |||
| 005 | 20230123134155.0 | ||
| 040 | _cNUST | ||
| 942 |
_cBOOKS _kHG4026 _mBRE |
||
| 999 |
_c161317 _d161317 |
||